| 000 | 00505nam a2200193Ia 4500 | ||
|---|---|---|---|
| 003 | OSt | ||
| 005 | 20250814131124.0 | ||
| 008 | 250729s2005 xx 000 0 und d | ||
| 020 | _a9788170239468 | ||
| 040 | _cAL | ||
| 041 | _aeng | ||
| 082 | _a373.001 JAGS | ||
| 100 |
_aTirumlesh K V _9221307 |
||
| 245 | _aGrammer and communication essays on the form function of language | ||
| 260 |
_aNew Delhi _bAllied Publication _c2005 |
||
| 300 | _a516p | ||
| 650 |
_aEducation _9221308 |
||
| 942 |
_2ddc _cBED |
||
| 999 |
_c234949 _d234949 |
||